<?xml version="1.0" encoding="UTF-8"?>
<record
    xmlns:xsi="http://www.w3.org/2001/XMLSchema-instance"
    xsi:schemaLocation="http://www.loc.gov/MARC21/slim http://www.loc.gov/standards/marcxml/schema/MARC21slim.xsd"
    xmlns="http://www.loc.gov/MARC21/slim">

  <leader>01565nem a22003137a 4500</leader>
  <controlfield tag="005">20200104041739.0</controlfield>
  <controlfield tag="008">160419b2001    C  ||||| |a|| 00| 0 spa d</controlfield>
  <datafield tag="040" ind1=" " ind2=" ">
    <subfield code="a">CO-BoIAVH</subfield>
    <subfield code="c">CO-BoIAVH</subfield>
  </datafield>
  <datafield tag="041" ind1=" " ind2=" ">
    <subfield code="a">spa</subfield>
  </datafield>
  <datafield tag="044" ind1=" " ind2=" ">
    <subfield code="a">ck</subfield>
  </datafield>
  <datafield tag="090" ind1=" " ind2=" ">
    <subfield code="a">MC-</subfield>
    <subfield code="b">0014</subfield>
  </datafield>
  <datafield tag="110" ind1="2" ind2=" ">
    <subfield code="a">Instituto de Investigaci&#xF3;n de Recursos Biol&#xF3;gicos Alexander von Humboldt.</subfield>
    <subfield code="9">204</subfield>
  </datafield>
  <datafield tag="245" ind1=" " ind2=" ">
    <subfield code="a">Mapa preliminar de paisajes- Zona piloto: Alto de Putumayo.</subfield>
    <subfield code="b">Proyecto dise&#xF1;o  implementaci&#xF3;n de un sistema de indicadores de seguimiento de la pol&#xED;tica de la biodiversidad en la amazonia colombiana</subfield>
    <subfield code="h">[Material Cartografico]</subfield>
  </datafield>
  <datafield tag="255" ind1=" " ind2=" ">
    <subfield code="a">1:600.000</subfield>
  </datafield>
  <datafield tag="260" ind1=" " ind2=" ">
    <subfield code="a">Bogot&#xE1;</subfield>
    <subfield code="b">de Investigaci&#xF3;n de Recursos Biol&#xF3;gicos Alexander von Humboldt.</subfield>
    <subfield code="c">2001</subfield>
  </datafield>
  <datafield tag="300" ind1=" " ind2=" ">
    <subfield code="a">1 Mapa</subfield>
    <subfield code="c">28 x 42 cm.</subfield>
  </datafield>
  <datafield tag="650" ind1=" " ind2="6">
    <subfield code="a">Hidrograf&#xED;a</subfield>
    <subfield code="9">5361</subfield>
  </datafield>
  <datafield tag="650" ind1=" " ind2="6">
    <subfield code="a">Geografia</subfield>
    <subfield code="9">70109</subfield>
  </datafield>
  <datafield tag="650" ind1=" " ind2="6">
    <subfield code="a">Suelos</subfield>
    <subfield code="9">287</subfield>
  </datafield>
  <datafield tag="650" ind1=" " ind2="6">
    <subfield code="a">Cultivos</subfield>
    <subfield code="9">97107</subfield>
  </datafield>
  <datafield tag="710" ind1="2" ind2=" ">
    <subfield code="a">Corporaci&#xF3;n para el desarrollo sostenible del norte y el Oriente Amaz&#xF3;nico </subfield>
    <subfield code="9">65871</subfield>
  </datafield>
  <datafield tag="710" ind1=" " ind2=" ">
    <subfield code="a">Corporaci&#xF3;n para el desarrollo sostenible del Sur de la Amazon&#xED;a - CORPOAMAZONIA</subfield>
    <subfield code="9">695</subfield>
  </datafield>
  <datafield tag="710" ind1="1" ind2=" ">
    <subfield code="a">Corporaci&#xF3;n para el desarrollo sostenible del &#xE1;rea de manejo especial la macarena- Cormacarena</subfield>
    <subfield code="9">57458</subfield>
  </datafield>
  <datafield tag="710" ind1=" " ind2=" ">
    <subfield code="a">Unidad administrativa especial del sistema de parque nacional cient&#xED;ficas</subfield>
    <subfield code="9">65896</subfield>
  </datafield>
  <datafield tag="710" ind1=" " ind2=" ">
    <subfield code="a">Instituto Amaz&#xF3;nico de Investigaciones Cient&#xED;ficas (Sinchi)</subfield>
    <subfield code="9">480</subfield>
  </datafield>
  <datafield tag="710" ind1="1" ind2=" ">
    <subfield code="a">Direcci&#xF3;n de pol&#xED;tica ambiental del departamento nacional de planeaci&#xF3;n</subfield>
    <subfield code="9">65875</subfield>
  </datafield>
  <datafield tag="710" ind1=" " ind2=" ">
    <subfield code="a">Ministerio de medio ambiente- Programa ambiental</subfield>
    <subfield code="9">65874</subfield>
  </datafield>
  <datafield tag="942" ind1=" " ind2=" ">
    <subfield code="2">z</subfield>
    <subfield code="c">Mapa</subfield>
  </datafield>
  <datafield tag="999" ind1=" " ind2=" ">
    <subfield code="c">18308</subfield>
    <subfield code="d">18308</subfield>
  </datafield>
  <datafield tag="952" ind1=" " ind2=" ">
    <subfield code="0">0</subfield>
    <subfield code="1">0</subfield>
    <subfield code="2">z</subfield>
    <subfield code="4">0</subfield>
    <subfield code="7">0</subfield>
    <subfield code="8">CARTOGRAFI</subfield>
    <subfield code="a">Bogota</subfield>
    <subfield code="b">Bogota</subfield>
    <subfield code="d">2016-04-19</subfield>
    <subfield code="l">0</subfield>
    <subfield code="o">MC-0014</subfield>
    <subfield code="p">039963</subfield>
    <subfield code="r">2016-04-19 00:00:00</subfield>
    <subfield code="t">Ej. 1</subfield>
    <subfield code="w">2016-04-19</subfield>
    <subfield code="y">Mapa</subfield>
  </datafield>
</record>
